000 00917nam2a2200253 4500
001 RU\NLR\bibl\1433294
005 20250615222318.0
010 _a978-5-699-37026-9
_925100
021 _aRU
_b2009-3402и
_9213и
035 _a(NLR Aleph) 001425193
090 _a1367706
_c1367706
100 _a20091103d2009 |||y0rusy50 ca
101 1 _arus
_cund
102 _aRU
105 _aa |||||||||
200 1 _aПретенденты!!!
_f[пер.: Наталья Саватюгина]
210 _d2009
_aБ. м.
215 _a181 с.
_cил.
461 0 _1001RU\NLR\bibl\1457260
_12001#$aНаруто$vКн. 5
_91511344
_cМосква
_d2009
_fМасаси Кисимото [текст и рисунок
_lNaruto
_nЭксмо
_o[манга в оригинальном формате]
_tНаруто
_vКн. 5
801 0 _aRU
_bNLR
_c20091103
_gRCR
801 1 _aRU
_bNLR
_c20091103
942 _cBOOK
980 _aNB